000 01752cam a22005057i 4500
001 on1552151642
003 OCoLC
005 20251216152620.0
007 ta
008 250929s2025 nyua j 000 f eng d
015 _aGBC5C1548
_2bnb
016 7 _a300633606
_2Uk
020 _a9780063449190
_qhardback
020 _a0063449196
024 8 _aCIPO000303961
029 0 _aUKMGB
_b300633606
035 _a(OCoLC)1552151642
040 _aUKMGB
_beng
_erda
_cUKMGB
_dOCLCO
_dUUC
_dOCLCO
049 _aWACL
082 0 4 _a813.6
_223
092 _achildren holiday
_bLee
100 1 _aLee, Su Youn (illustrator)
_96557676
245 0 0 _aI love you alotl, I love you so much /
_cSu Youn Lee.
264 1 _aNew York, NY :
_bHarperCollinsPublishers,
_c[2025]
264 4 _c2025.
_aNew York, NY :
_bHarperCollinsPublishers,
300 _a1 volume (unpaged) :
_bchiefly illustrations (colour) ;
_c21 cm
336 _atext
336 _astill image
337 _aunmediated
338 _avolume
500 _aAn Axolotl book.
520 _aWith this Axolutely adorable pn-filled book, tell a special someone that you love them alotl!
650 0 _aAnimals
_vJuvenile fiction.
_95678723
650 0 _aAxolotls
_vJuvenile fiction.
_95796530
650 0 _aLove
_vJuvenile fiction.
_95688955
650 6 _aAxolotls
_vRomans, nouvelles, etc. pour la jeunesse.
_96557673
655 7 _aJuvenile works
_2fast
_95673941
655 7 _aNovels
_2fast
655 7 _aPictorial works.
_2fast
_95674244
655 7 _aChildren's stories
_vPictorial works.
_2gsafd
_95677077
655 7 _aPuns.
_2lcgft
_96557674
655 7 _aPicture books.
_2lcgft
655 7 _aJeux de mots.
_2rvmgf
_96557675
942 _2ddc
_cBOOK
999 _c414302
_d414302